Central Library OPAC University of Rajshahi

The Zande trickster / (Record no. 7911)

MARC details
000 -LEADER
fixed length control field 00957nam a2200289 a 4500
001 - CONTROL NUMBER
control field 7911
003 - CONTROL NUMBER IDENTIFIER
rucl marc code BD-RjUL
005 - DATE AND TIME OF LATEST TRANSACTION
control field 20211208234508.0
008 - FIXED-LENGTH DATA ELEMENTS--GENERAL INFORMATION
fixed length control field 140116t1967 enkf b 001 0 eng d
035 ## - SYSTEM CONTROL NUMBER
System control number (BD-RjUL)7955
040 ## - CATALOGING SOURCE
Original cataloging agency DLC
Transcribing agency OSU
Modifying agency SER
-- XBM
-- UKM
-- EQO
-- BD-RjUL
Language of cataloging eng
041 ## - LANGUAGE CODE
Language code of text/sound track or separate title eng
082 00 - DEWEY DECIMAL CLASSIFICATION NUMBER
Classification number 398.209624
Edition number 16
Author mark and year ZAN 1967
100 1# - MAIN ENTRY--PERSONAL NAME
Personal name Evans-Pritchard, E. E.
Fuller form of name (Edward Evan),
Dates associated with a name 1902-1973.
9 (RLIN) 24686
245 14 - TITLE STATEMENT
Title The Zande trickster /
Statement of responsibility, etc. edited by E. E. Evans-Pritchard.
260 ## - PUBLICATION, DISTRIBUTION, ETC. (IMPRINT)
Place of publication, distribution, etc. Oxford :
Name of publisher, distributor, etc. Clarendon Press,
Date of publication, distribution, etc. c1967.
300 ## - PHYSICAL DESCRIPTION
Pagination ix, 240 p., 3 p. of plates :
Illustrations ill. ;
Size 23 cm.
490 1# - SERIES STATEMENT
Series statement Oxford library of African literature
500 ## - GENERAL NOTE
General note Bibliography: p. 235-237 - Includes index.
504 ## - BIBLIOGRAPHY, ETC. NOTE
Bibliography, etc Includes index.
650 #0 - SUBJECT ADDED ENTRY--TOPICAL TERM
Topical term or geographic name as entry element Tales
Geographic subdivision Sudan
9 (RLIN) 24687
Topical term or geographic name as entry element Zande (African people)
General subdivision Folklore.
9 (RLIN) 24688
830 #0 - SERIES ADDED ENTRY--UNIFORM TITLE
Uniform title Oxford library of African literature
942 ## - ADDED ENTRY ELEMENTS (KOHA)
Source of classification or shelving scheme Dewey Decimal Classification
Koha item type Books
Holdings
Lost status Source of classification or shelving scheme Damaged status Not for loan Collection code Permanent Location Current Location Shelving location Date acquired Source of acquisition Cost, normal purchase price Total Checkouts Full call number Date last seen Copy number Koha item type
  Dewey Decimal Classification   Not For Loan Non-fiction Central Library, University of Rajshahi Central Library, University of Rajshahi   19/01/1970 Swet and Zeithinger 398.21   398.209624 ZAN 1967 16/01/2014 C-1 Books